000 00538nam a2200193Ia 4500
003 OSt
005 20250211092137.0
008 210210b1986 xxu||||| |||| 00| 0 eng d
040 _cAL
041 _akan
082 _aK894.9 RAMS
100 _aRAMACHANDRAN (C N)
_9174894
_d ರಾಮಚಂದ್ರ (ಸಿ ಎನ್)
245 _aShilpa Vinyasa:
_bಶಿಲ್ಪ ವಿನ್ಯಾಸ
260 _aPutturu
_bKannada Sangha
_c1986
300 _ax,86,4
690 _aKannada Criticism
_9174895
906 _a038775
942 _2ddc
_cBK
999 _c89217
_d89217